000 00232nam a2200097Ia 4500
008 170619s9999 xx 000 0 und d
100 _aKUMAR ARCHANA
245 0 _aPRINCIPLES OF SOFTWARE ENGG
260 _bARIHANT PRAKASHAN
260 _c2010
546 _aENGLISH
999 _c19276
_d19276